| 000 | 00595nam a22001937a 4500 | ||
|---|---|---|---|
| 005 | 20251108164718.0 | ||
| 008 | 250721s1987 xx 000 0 ara d | ||
| 082 | 1 | 4 | _a811.90962/عمش |
| 100 | 1 | _aأبو عمشة، عادل | |
| 245 | 1 | 0 | _aقضايا المرأة في الشعر العربي الحديث في مصر 1798 - 1945 / |
| 264 | 1 |
_aبيروت : _bدار الجيل، _c1987. |
|
| 300 | _a492ص. | ||
| 650 | 1 | 7 | _aالشعر العربي |
| 650 | 1 | 7 | _aالتاريخ الأدبي |
| 650 | 1 | 7 | _aالنقد الأدبي |
| 650 | 1 | 7 | _aمصر |
| 942 |
_2ddc _cBK |
||
| 999 |
_c12490 _d12490 |
||